00429nam a2200193Ia 4500008004000000082001600040100002100056245005000077260002600127300000800153650000900161650000800170650000700178650001200185650000800197650001200205650001000217650000800227210210b1971 xxu||||| |||| 00| 0 eng d a621.48 BARM aBARNABY (Frank). aMan and the atom: the uses of nuclear energy. aLondon.bT & H,c1971 a216 auses athe aof anuclear aMan aenergy. aatom: aand